Welcome to CU Library Online Public Access Catalogue (OPAC)

A Handbook of human resource management practice (Record no. 8677)

MARC details
000 -LEADER
fixed length control field 00404nam a2200169 4500
005 - DATE AND TIME OF LATEST TRANSACTION
control field 20260211123344.0
008 - FIXED-LENGTH DATA ELEMENTS--GENERAL INFORMATION
fixed length control field cuc123
020 ## - INTERNATIONAL STANDARD BOOK NUMBER
International Standard Book Number 9780749448318
050 ## - LIBRARY OF CONGRESS CALL NUMBER
Classification number HF 5549.17 ARM
Item number 1
100 ## - MAIN ENTRY--PERSONAL NAME
Personal name ARMSTRONG, Michael
245 ## - TITLE STATEMENT
Title A Handbook of human resource management practice
250 ## - EDITION STATEMENT
Edition statement 10th
260 ## - PUBLICATION, DISTRIBUTION, ETC.
Place of publication, distribution, etc. London
Name of publisher, distributor, etc. Kogan Page
Date of publication, distribution, etc. 2006c
300 ## - PHYSICAL DESCRIPTION
Extent xvi,978p
500 ## - GENERAL NOTE
General note index,
942 ## - ADDED ENTRY ELEMENTS (KOHA)
Source of classification or shelving scheme Library of Congress Classification
Koha item type Books
Suppress in OPAC No
999 ## -
-- 8677
-- 8677
Holdings
Withdrawn status Lost status Source of classification or shelving scheme Damaged status Not for loan Collection Home library Current library Shelving location Date acquired Total checkouts Full call number Barcode Date last seen Copy number Price effective from Koha item type Public note
    Library of Congress Classification     Non-fiction Graduate Library (Christ Temple) Graduate Library (Christ Temple) General stacks 02/11/2026   HF 5549.17 ARM GSCT00002325 02/11/2026 1 02/11/2026 Books EAQ
© 2023-2024 Copyright: Central University Libraries. All Rights Reserved | Created by: Mahone Tech Office